[Event "ch-Paris op C"]
[Site "Paris (Halle Carpentier)"]
[Date "2008.07.01"]
[Round "4.15"]
[White "Zodros, Denis"]
[Black "Roque, Gaetan"]
[Result "0-1"]
[WhiteElo "1470"]
[BlackElo "1380"]
[PlyCount "46"]
[EventDate "2008.06.28"]

1. d4 d5 2. c4 c6 3. Nc3 Nf6 4. Bf4 g6 5. e3 Bg7 6. Bd3 O-O 7. Nf3 Bg4 8. h3
Bxf3 9. Qxf3 e6 10. O-O c5 11. dxc5 Nc6 12. a3 dxc4 13. Bxc4 Qd2 14. Rab1 Nh5
15. Bh2 Bxc3 16. bxc3 Qxc3 17. Be2 Qxc5 18. Rxb7 Ne5 19. Qe4 Nc6 20. Rd1 Rad8
21. Qb1 Rxd1+ 22. Bxd1 Qc3 23. Rb5 Qe1# 0-1

[Event "ch-Paris op C"]
[Site "Paris (Halle Carpentier)"]
[Date "2008.07.01"]
[Round "4.16"]
[White "Geoffroy, Boris"]
[Black "Vega-Ritter, Isabelle"]
[Result "0-1"]
[WhiteElo "1330"]
[BlackElo "1469"]
[PlyCount "72"]
[EventDate "2008.06.28"]

1. e4 Nc6 2. Nf3 e5 3. Bb5 Bc5 4. O-O Nge7 5. d3 d6 6. Nc3 Bg4 7. Qe2 O-O 8.
Be3 Nd4 9. Bxd4 Bxd4 10. Rab1 c6 11. Ba4 Ng6 12. h3 Nf4 13. Qd1 Bxf3 14. Qxf3
Qg5 15. Kh1 Rae8 16. Ne2 Nxe2 17. Qxe2 Re6 18. Rfe1 Rf6 19. f3 Qg3 20. c3 Bb6
21. Rbd1 Rg6 22. d4 exd4 23. cxd4 c5 24. dxc5 Bxc5 25. e5 Bf2 26. Rg1 Bxg1 27.
Kxg1 dxe5 28. Rd7 Rh6 29. Qd2 Rxh3 30. Kf1 Rh1+ 31. Ke2 Qxg2+ 32. Ke3 Qg1+ 33.
Ke4 Rh5 34. Rd8 Rh4+ 35. f4 Rxf4+ 36. Kxe5 Qg5+ 0-1

[Event "ch-Paris op C"]
[Site "Paris (Halle Carpentier)"]
[Date "2008.07.01"]
[Round "4.18"]
[White "Fraval, Julie"]
[Black "Fleurimont, Thierry"]
[Result "0-1"]
[WhiteElo "1320"]
[BlackElo "1450"]
[PlyCount "102"]
[EventDate "2008.06.28"]

1. e4 c5 2. d4 cxd4 3. Qxd4 Nc6 4. Qe3 Nf6 5. Nc3 d6 6. Bd2 g6 7. O-O-O Bg7 8.
Nf3 Be6 9. Kb1 a5 10. e5 Ng4 11. Qe2 Ngxe5 12. Nxe5 Nxe5 13. Bf4 O-O 14. h4 b5
15. h5 b4 16. h6 Bh8 17. Bxe5 Bxe5 18. Na4 Qc7 19. b3 Rfc8 20. Qe4 Rab8 21. Qd3
Bf5 22. Qc4 Qxc4 23. bxc4 Be6 24. Rh4 Bf6 25. Re4 Bg5 26. c5 dxc5 27. Re5 Bxh6
28. Rxc5 Bf5 29. Rxc8+ Rxc8 30. Bd3 Rd8 31. Nb2 Be6 32. Bb5 Rxd1+ 33. Nxd1 Bf4
34. Kb2 f5 35. a3 Be5+ 36. Kc1 bxa3 37. Kd2 a2 38. Bd3 a1=Q 39. c3 Qa2+ 40. Bc2
Qd5+ 41. Bd3 Qxg2 42. c4 Bf4+ 43. Kc2 Bd7 44. Kc3 Be5+ 45. Kd2 Ba4 46. Nc3
Bxc3+ 47. Kxc3 Qxf2 48. c5 Qxc5+ 49. Bc4+ Kg7 50. Kd3 e5 51. Kc3 Qd4# 0-1

[Event "ch-Paris op C"]
[Site "Paris (Halle Carpentier)"]
[Date "2008.07.01"]
[Round "4.19"]
[White "Dean, Pietro"]
[Black "Hargoues-Turon, Emile"]
[Result "0-1"]
[WhiteElo "1440"]
[BlackElo "1350"]
[PlyCount "20"]
[EventDate "2008.06.28"]

1. e4 e5 2. Nf3 Nc6 3. Bb5 f5 4. Bxc6 dxc6 5. Nxe5 Qd4 6. Qh5+ g6 7. Nxg6 hxg6
8. Qxg6+ Kd8 9. O-O Qe5 10. d3 Qxh2# 0-1

[Event "ch-Paris op C"]
[Site "Paris (Halle Carpentier)"]
[Date "2008.07.01"]
[Round "4.20"]
[White "Maury, Anette"]
[Black "Guerlach, Keigo"]
[Result "0-1"]
[WhiteElo "1320"]
[BlackElo "1440"]
[PlyCount "128"]
[EventDate "2008.06.28"]

1. e4 e5 2. Nf3 Nf6 3. Nc3 Bb4 4. d3 Bxc3+ 5. bxc3 d6 6. h3 h6 7. Qe2 Nbd7 8.
d4 c6 9. Nd2 O-O 10. Qd1 Re8 11. Bd3 d5 12. O-O exd4 13. cxd4 Nxe4 14. Re1 Nd6
15. Nf3 Rxe1+ 16. Qxe1 Nf6 17. Nd2 Be6 18. Nb3 b6 19. a4 a5 20. Nd2 Qc7 21. Nf3
Re8 22. Bf4 Bxh3 23. Qf1 Bg4 24. Nh2 Qd7 25. Nxg4 Nxg4 26. c3 Nf6 27. Rb1 Nc8
28. Rd1 Re7 29. c4 Qe8 30. cxd5 cxd5 31. Bb5 Nd7 32. Bd2 Na7 33. Bd3 Nc6 34.
Bc3 Na7 35. Rb1 Qb8 36. Bxa5 Qe8 37. Bb4 Re6 38. Bf5 Rf6 39. Qd3 g6 40. Bxd7
Qxd7 41. Re1 Qxa4 42. Be7 Qe8 43. Qd2 Re6 44. Bb4 Rxe1+ 45. Qxe1 Qxe1+ 46. Bxe1
Kg7 47. f4 Kf6 48. Kf2 g5 49. g3 Kf5 50. Bd2 Ke4 51. fxg5 hxg5 52. Bxg5 Kxd4
53. Be3+ Kc3 54. Bxb6 Nc6 55. Ke3 d4+ 56. Bxd4+ Nxd4 57. Ke4 Nc6 58. Kf5 Kd3
59. Kf6 Nd8 60. g4 Ke4 61. Ke7 Kf4 62. Kxd8 Kxg4 63. Ke7 f5 64. Ke6 f4 0-1

[Event "ch-Paris op C"]
[Site "Paris (Halle Carpentier)"]
[Date "2008.07.01"]
[Round "4.21"]
[White "Martin, Didier"]
[Black "Moimeaux, Archibald"]
[Result "1-0"]
[WhiteElo "1400"]
[BlackElo "1199"]
[PlyCount "141"]
[EventDate "2008.06.28"]

1. c4 Nf6 2. d4 e6 3. Nf3 Nc6 4. e3 Bb4+ 5. Bd2 Bxd2+ 6. Nbxd2 O-O 7. Bd3 d5 8.
b3 Nb4 9. Bb1 b6 10. O-O c5 11. a3 Nc6 12. Qc2 Qe7 13. Ne5 Bb7 14. Ndf3 g6 15.
h3 Rad8 16. Rd1 Rd6 17. Qe2 Rfd8 18. Bc2 dxc4 19. Nxc4 Rd5 20. Nce5 Nxe5 21.
dxe5 Rxd1+ 22. Rxd1 Rxd1+ 23. Qxd1 Nd7 24. Bd3 Bxf3 25. Qxf3 Nxe5 26. Qa8+ Kg7
27. Be4 f5 28. Bb7 Nf7 29. Ba6 Nd6 30. Be2 Qb7 31. Qd8 Nf7 32. Qd2 Qd5 33. Qc3+
Qe5 34. Qe1 Qb2 35. Bc4 Kf6 36. f4 h6 37. e4 Qd4+ 38. Kh1 Qxe4 39. Qa1+ Qd4 40.
Qe1 e5 41. fxe5+ Qxe5 42. Qd2 Nd6 43. Qxh6 Nxc4 44. Qf8+ Kg5 45. bxc4 Kf4 46.
Qd8 g5 47. Qd2+ Qe3 48. Qd6+ Ke4 49. Qd5+ Kf4 50. Qd6+ Qe5 51. Qd2+ Ke4 52.
Qxg5 Kd4 53. h4 f4 54. Qd8+ Kxc4 55. Qg5 Qe1+ 56. Kh2 Qg3+ 57. Qxg3 fxg3+ 58.
Kxg3 Kd5 59. Kf3 Ke5 60. g4 Kf6 61. g5+ Kg6 62. Kg4 b5 63. h5+ Kg7 64. Kf5 b4
65. h6+ Kg8 66. axb4 cxb4 67. g6 b3 68. Kf6 Kf8 69. h7 Ke8 70. h8=Q+ Kd7 71.
Qb8 1-0

[Event "ch-Paris op C"]
[Site "Paris (Halle Carpentier)"]
[Date "2008.07.01"]
[Round "4.22"]
[White "Minot, Barbara"]
[Black "Cohen-Codar, Isabelle"]
[Result "1/2-1/2"]
[WhiteElo "1400"]
[BlackElo "1180"]
[PlyCount "159"]
[EventDate "2008.06.28"]

1. f4 d5 2. Nf3 Nf6 3. e3 e6 4. Nc3 Bd6 5. b3 O-O 6. Bb2 Nbd7 7. d3 a6 8. Be2
Ng4 9. h3 Nxe3 10. Qd2 Nxg2+ 11. Kd1 Nxf4 12. Rg1 Qf6 13. h4 b6 14. Rb1 Bb7 15.
Ne4 Qh6 16. Rxg7+ Kh8 17. Rg6+ f6 18. Rxh6 dxe4 19. dxe4 Bxe4 20. Bd3 Bxf3+ 21.
Kc1 Nxd3+ 22. Qxd3 Bf4+ 23. Qd2 Bxd2+ 24. Kxd2 Nc5 25. Bxf6+ Rxf6 26. Rxf6 Ne4+
27. Ke3 Nxf6 28. Kxf3 e5 29. Ke3 Rd8 30. Rf1 Nd5+ 31. Ke4 Nb4 32. Kxe5 Nxc2 33.
h5 Kg7 34. Rf6 Rd6 35. h6+ Kg8 36. Rf2 Ne3 37. Rf3 Ng4+ 38. Ke4 Re6+ 39. Kf5
Rg6 40. Rd3 Nxh6+ 41. Ke4 Re6+ 42. Kf4 Nf7 43. Kf5 Re5+ 44. Kf6 Rg5 45. Rd7
Rg6+ 46. Ke7 h5 47. Rxc7 Kg7 48. Rc1 Rg5 49. Rf1 a5 50. Rxf7+ Kh6 51. Rf6+ Rg6
52. Rf4 b5 53. Kf7 Kg5 54. Rd4 h4 55. Rd1 Kh5 56. Rd5+ Rg5 57. Rd3 Rg2 58. Rd5+
Kg4 59. Kg6 h3 60. Rd4+ Kf3+ 61. Kf5 h2 62. Rf4+ Ke2 63. Rh4 Kd2 64. Kf4 Ke2
65. Ke4 Kf1 66. Kd4 Kg1 67. Kc5 h1=Q 68. Rxh1+ Kxh1 69. a3 Rc2+ 70. Kb6 b4 71.
a4 Rb2 72. Kxa5 Rxb3 73. Kb5 Kg1 74. a5 Rf3 75. Kxb4 Rf6 76. Kb5 Kf2 77. a6 Rf3
78. a7 Ra3 79. Kb6 Rxa7 80. Kxa7 1/2-1/2

[Event "ch-Paris op C"]
[Site "Paris (Halle Carpentier)"]
[Date "2008.07.01"]
[Round "4.23"]
[White "Fouliard, Marc"]
[Black "Bouriot, Florence"]
[Result "0-1"]
[WhiteElo "1430"]
[BlackElo "1280"]
[PlyCount "49"]
[EventDate "2008.06.28"]

1. e4 d6 2. d4 e6 3. Nf3 Nf6 4. Nc3 Be7 5. Bd3 O-O 6. O-O b6 7. e5 dxe5 8. dxe5
Nd5 9. Bxh7+ Kxh7 10. Ng5+ Bxg5 11. Qh5+ Kg8 12. Bxg5 Qe8 13. Ne4 Nd7 14. f4 f6
15. Qh4 fxg5 16. Nxg5 Qg6 17. Rf3 Qh6 18. Qg4 Re8 19. Rh3 Qg6 20. Qh4 Qh6 21.
Qg4 Qg6 22. Rf1 Nf8 23. f5 exf5 24. Rxf5 Bxf5 25. Qh4 0-1

[Event "ch-Paris op C"]
[Site "Paris (Halle Carpentier)"]
[Date "2008.07.01"]
[Round "4.24"]
[White "Keller, Jean"]
[Black "Banat, Rizlene"]
[Result "1-0"]
[WhiteElo "1499"]
[BlackElo "1360"]
[PlyCount "121"]
[EventDate "2008.06.28"]

1. c4 Nf6 2. d4 g6 3. Nf3 Bg7 4. Nc3 d5 5. b3 O-O 6. e3 c5 7. dxc5 Nfd7 8. Bb2
dxc4 9. Bxc4 Nxc5 10. O-O Qxd1 11. Rfxd1 Bg4 12. Rd5 Ne4 13. Nxe4 Bxb2 14. Rad1
Nc6 15. R1d2 Bg7 16. Neg5 h6 17. h3 e6 18. Rd7 Ne5 19. Rxb7 Nxc4 20. bxc4 hxg5
21. hxg4 Be5 22. Nxg5 Rad8 23. Rxd8 Rxd8 24. f4 Rd1+ 25. Kh2 Bc3 26. Nxf7 Bd2
27. Nh6+ Kf8 28. Rxa7 Bxe3 29. Rf7+ Ke8 30. g3 Rd2+ 31. Kh3 Bg1 32. g5 Rh2+ 33.
Kg4 Rxh6 34. gxh6 Kxf7 35. Kg5 Bd4 36. a4 Bf6+ 37. Kg4 Bd8 38. c5 Kg8 39. c6
Kh7 40. Kf3 Kxh6 41. g4 Bc7 42. Ke4 g5 43. f5 exf5+ 44. Kxf5 Kg7 45. Ke6 Kg6
46. Ke7 Ba5 47. Kd7 Kf6 48. c7 Bxc7 49. Kxc7 Ke5 50. a5 Kf4 51. a6 Kxg4 52. a7
Kh4 53. a8=Q g4 54. Qh1+ Kg5 55. Kd6 g3 56. Qe4 Kh5 57. Ke5 Kg5 58. Qf4+ Kh5
59. Qxg3 Kh6 60. Kf6 Kh7 61. Qg7# 1-0

[Event "ch-Paris op C"]
[Site "Paris (Halle Carpentier)"]
[Date "2008.07.01"]
[Round "4.25"]
[White "Savadoux, Valentin"]
[Black "Bogdanovsky, Sonia"]
[Result "0-1"]
[WhiteElo "1140"]
[BlackElo "1420"]
[PlyCount "99"]
[EventDate "2008.06.28"]

1. c4 c5 2. Nc3 Nf6 3. Nf3 d5 4. cxd5 Nxd5 5. g3 Nc6 6. Bg2 Nxc3 7. bxc3 Rb8 8.
O-O g6 9. e4 Bg7 10. Rb1 O-O 11. c4 b6 12. d3 Nb4 13. Bf4 Ra8 14. Rb3 Bg4 15.
Qd2 Re8 16. Bh6 Bh8 17. a3 Nc6 18. Qf4 Bxf3 19. Bxf3 Nd4 20. Rbb1 Nxf3+ 21.
Qxf3 Qd6 22. Rbd1 a6 23. Qg4 Bg7 24. Bxg7 Kxg7 25. f4 Rf8 26. f5 Rad8 27. Qf4
Qxf4 28. Rxf4 b5 29. cxb5 axb5 30. fxg6 fxg6 31. Rxf8 Rxf8 32. Rc1 Rf3 33. Rxc5
Rxd3 34. Rxb5 Rxa3 35. Rb7 Kf7 36. Rb4 Ra2 37. e5 Ke6 38. Rb7 Re2 39. Rb5 Rxe5
40. Rxe5+ Kxe5 41. Kf2 Kf6 42. h4 e5 43. Kf3 h6 44. Ke4 h5 45. Kf3 Kf5 46. Kg2
Kg4 47. Kf2 e4 48. Ke3 Kxg3 49. Kxe4 Kxh4 50. Kf4 0-1

[Event "ch-Paris op C"]
[Site "Paris (Halle Carpentier)"]
[Date "2008.07.01"]
[Round "4.26"]
[White "Olivier, Camille"]
[Black "Sommier, Patrick"]
[Result "0-1"]
[WhiteElo "1260"]
[BlackElo "1390"]
[PlyCount "145"]
[EventDate "2008.06.28"]

1. e4 d6 2. Nc3 Nf6 3. Bc4 g6 4. Nge2 Bg7 5. d3 O-O 6. O-O Nc6 7. a3 Ne5 8. Ba2
c6 9. d4 Ned7 10. f3 Nb6 11. e5 Nfd5 12. Nxd5 cxd5 13. exd6 Qxd6 14. Bf4 Qd8
15. c3 Bd7 16. Bb3 Bb5 17. Qc2 e6 18. Rfe1 Re8 19. Rad1 Qf6 20. Be5 Qd8 21.
Bxg7 Kxg7 22. Ng3 Re7 23. Re3 Qc7 24. Rde1 Rae8 25. Qf2 Bc4 26. Bxc4 Nxc4 27.
R3e2 Qb6 28. Nf1 Qd6 29. Ne3 Nb6 30. Ng4 f5 31. Ne5 Nd7 32. Nxd7 Qxd7 33. Qg3
Kf7 34. Qh4 Rh8 35. f4 Ree8 36. Qf2 h5 37. h3 Re7 38. Rc1 Qc7 39. Qe3 Qc4 40.
Qe5 Rhe8 41. Rec2 Rg8 42. Qe2 b5 43. Qxc4 dxc4 44. Kf2 g5 45. fxg5 Rxg5 46. Kf3
Rg7 47. Re1 Rg8 48. d5 Rg6 49. dxe6+ Rexe6 50. Rxe6 Kxe6 51. Kf4 Rg8 52. Re2+
Kf6 53. Re5 Rxg2 54. Rxf5+ Ke6 55. Rxb5 Rf2+ 56. Kg5 Rh2 57. Kxh5 Rxh3+ 58. Kg4
Rd3 59. Rb7 a5 60. Rb5 Rd5 61. Rb6+ Kd7 62. Ra6 Kc7 63. Rg6 Rb5 64. Rg7+ Kb8
65. Rg5 Rxb2 66. Rxa5 Rb3 67. Kf4 Rxc3 68. Rb5+ Ka7 69. a4 Rb3 70. Ra5+ Kb6 71.
Re5 c3 72. Rb5+ {=} 72... Rxb5 73. axb5 0-1

[Event "ch-Paris op C"]
[Site "Paris (Halle Carpentier)"]
[Date "2008.07.01"]
[Round "4.27"]
[White "Nadarajah, Piruntha"]
[Black "Lutard, Florian"]
[Result "1-0"]
[WhiteElo "1380"]
[BlackElo "1370"]
[PlyCount "79"]
[EventDate "2008.06.28"]

1. e4 c5 2. Nf3 d6 3. Nc3 Nf6 4. d4 cxd4 5. Nxd4 Nc6 6. Bb5 Bd7 7. Bg5 a6 8.
Nxc6 Bxc6 9. Bxc6+ bxc6 10. Qd3 g6 11. Bxf6 exf6 12. O-O Bg7 13. Qc4 Qd7 14.
Rad1 O-O 15. Na4 Qc7 16. b3 a5 17. Rfe1 Rfe8 18. Qd3 Rad8 19. Qg3 Re5 20. f4
Rb5 21. c4 Rh5 22. Qg4 Qa7+ 23. Kh1 Qf2 24. Re2 Rh4 25. Rxf2 Rxg4 26. c5 d5 27.
exd5 cxd5 28. c6 Rc8 29. Rc1 d4 30. c7 Bh6 31. Nb6 Bxf4 32. Rxf4 Rxc7 33. Rxc7
Rxf4 34. Kg1 d3 35. Rd7 Re4 36. Rxd3 Re2 37. a4 f5 38. h3 g5 39. Nd7 h5 40.
Nf6+ 1-0

[Event "ch-Paris op C"]
[Site "Paris (Halle Carpentier)"]
[Date "2008.07.01"]
[Round "4.28"]
[White "Delhy, Jacques"]
[Black "Champs, Sandra"]
[Result "1-0"]
[WhiteElo "1320"]
[BlackElo "1499"]
[PlyCount "61"]
[EventDate "2008.06.28"]

1. e4 e5 2. Nf3 Nc6 3. Bc4 Be7 4. d4 d6 5. Nc3 h6 6. h3 Nf6 7. O-O O-O 8. d5
Nb8 9. Be3 c6 10. Bb3 cxd5 11. Nxd5 Nxd5 12. Bxd5 Nd7 13. c3 Nf6 14. c4 Nxd5
15. cxd5 b6 16. Rc1 Ba6 17. Re1 Rc8 18. Qa4 Bb7 19. Qxa7 Ba8 20. Rxc8 Qxc8 21.
Qxe7 Qd8 22. Qxd8 Rxd8 23. Rc1 Bb7 24. Bxb6 Rd7 25. Rc7 Rxc7 26. Bxc7 Ba6 27.
Bxd6 f6 28. Nd2 Bd3 29. f3 g6 30. Kf2 f5 31. Ke3 1-0

[Event "ch-Paris op C"]
[Site "Paris (Halle Carpentier)"]
[Date "2008.07.01"]
[Round "4.29"]
[White "Bouiller, Andre"]
[Black "Timofeeva, Tatiana"]
[Result "1-0"]
[WhiteElo "1310"]
[BlackElo "1499"]
[PlyCount "135"]
[EventDate "2008.06.28"]

1. e4 e5 2. Nf3 Nc6 3. a3 Nf6 4. Nc3 Bc5 5. h3 d6 6. Bc4 Be6 7. Bxe6 fxe6 8. d3
h6 9. Na4 b6 10. Nxc5 bxc5 11. b3 d5 12. Qe2 d4 13. O-O O-O 14. Bb2 Rb8 15. a4
a5 16. Ba3 Nd7 17. Rab1 Qf6 18. Qd2 Rf7 19. c3 Qg6 20. Nh4 Qf6 21. g3 g5 22.
Ng2 Qf3 23. c4 Qh5 24. h4 gxh4 25. Nxh4 Rg7 26. Kg2 Qxh4 27. Rh1 Qf4 28. Bc1
Rf8 29. Rxh6 Qxd2 30. Bxd2 Nf6 31. Rh3 Ng4 32. f3 Ne3+ 33. Kf2 Rgf7 34. g4
Nxg4+ 35. Kg2 Rh7 36. fxg4 Rhf7 37. Be1 Rf1 38. Rh1 Rxh1 39. Kxh1 Rf1+ 40. Kg2
Rf7 41. Bd2 Kg7 42. g5 Kg6 43. Rh1 Rh7 44. Rf1 Rf7 45. Rh1 Rh7 46. Rf1 Rf7 47.
Rh1 Kg7 48. Rh6 Kg8 49. Rxe6 Nb4 50. Bxb4 cxb4 51. Rxe5 Kg7 52. Rxa5 Kg6 53.
Rd5 Rf4 54. a5 Rg4+ 55. Kf3 Rxg5 56. Rxg5+ Kxg5 57. a6 Kh4 58. a7 Kh3 59. a8=Q
Kh2 60. e5 Kg1 61. e6 Kf1 62. e7 Ke1 63. e8=R+ Kd2 64. Qe4 Kc3 65. Qe1+ Kxb3
66. Qd1+ Kc3 67. Ke2 b3 68. Qd2# 1-0

[Event "ch-Paris op C"]
[Site "Paris (Halle Carpentier)"]
[Date "2008.07.01"]
[Round "4.30"]
[White "Eden, Agnes"]
[Black "Vallobra, Thierry"]
[Result "0-1"]
[WhiteElo "1290"]
[BlackElo "1499"]
[PlyCount "110"]
[EventDate "2008.06.28"]

1. e4 e5 2. Nf3 Nc6 3. Bc4 h6 4. Nc3 Nf6 5. O-O Bc5 6. h3 O-O 7. d3 Re8 8. Re1
b6 9. a3 Bb7 10. b4 Be7 11. Be3 d6 12. Qb1 a6 13. Qb3 Rf8 14. Ne2 Nb8 15. Nh4
d5 16. exd5 Bxd5 17. Nf5 Bxc4 18. Qxc4 Qd7 19. Nxe7+ Qxe7 20. Qh4 Nbd7 21. Nc3
Qd6 22. Qg3 Kh8 23. Rad1 Qc6 24. Bd2 Rad8 25. Re3 Nd5 26. Re4 Nxc3 27. Bxc3
Qxc3 28. Rg4 Rg8 29. Qf3 f6 30. d4 Qxc2 31. d5 Rde8 32. d6 cxd6 33. Rxd6 Qc7
34. Rd3 e4 35. Rxe4 Ne5 36. Qe2 Nxd3 37. Qxd3 Rxe4 38. Qxe4 Rd8 39. Qe2 Qc1+
40. Kh2 Qxa3 41. Qe7 Qd3 42. Qc7 Qd6+ 43. Qxd6 Rxd6 44. Kg3 Rd4 45. f4 Rxb4 46.
Kg4 a5 47. g3 a4 48. Kh5 Rb5+ 49. Kh4 a3 50. g4 a2 51. f5 Rxf5 52. gxf5 a1=Q
53. Kh5 Qd1+ 54. Kh4 Qd2 55. Kh5 Qg5# 0-1

[Event "ch-Paris op C"]
[Site "Paris (Halle Carpentier)"]
[Date "2008.07.01"]
[Round "4.31"]
[White "Jacquet, Dominique"]
[Black "Zeitoun, David"]
[Result "1-0"]
[WhiteElo "1480"]
[BlackElo "1330"]
[PlyCount "63"]
[EventDate "2008.06.28"]

1. e4 c6 2. d4 d5 3. e5 f6 4. f4 Bf5 5. Nf3 e6 6. c4 Ne7 7. Nc3 Ng6 8. Qb3 b6
9. Be3 Be7 10. h3 Be4 11. Nxe4 dxe4 12. Nd2 f5 13. Rg1 O-O 14. c5 Kf7 15. O-O-O
Nd7 16. Bc4 Ke8 17. g4 fxg4 18. Rxg4 bxc5 19. dxc5 Bxc5 20. Bxc5 Nxc5 21. Qc2
Nd3+ 22. Kb1 Rb8 23. Nxe4 Qd4 24. Nd6+ Kd7 25. b3 Rxf4 26. Rxf4 Ngxf4 27. Bxd3
Nxd3 28. Rxd3 Qg1+ 29. Kb2 g5 30. Ne4+ Ke7 31. Nf6 Rf8 32. Rd7# 1-0

[Event "ch-Paris op C"]
[Site "Paris (Halle Carpentier)"]
[Date "2008.07.01"]
[Round "4.32"]
[White "Moisset, Lola"]
[Black "Adjaj, Benjamin"]
[Result "0-1"]
[WhiteElo "1280"]
[BlackElo "1470"]
[PlyCount "66"]
[EventDate "2008.06.28"]

1. e4 Nf6 2. Nc3 d5 3. e5 Ng8 4. Nf3 Bg4 5. h3 Bxf3 6. Qxf3 e6 7. d4 c5 8. Be3
Qb6 9. O-O-O Nc6 10. Bb5 a6 11. dxc5 Bxc5 12. Bxc5 Qxc5 13. Bxc6+ bxc6 14. Na4
Qb4 15. b3 Rb8 16. Nb2 Qa3 17. Kb1 c5 18. Qg3 g6 19. Rd3 c4 20. Rc3 a5 21. b4
Qxb4 22. Kc1 Qxb2+ 23. Kd2 Qxa2 24. Rf3 Rb2 25. Qf4 Rxc2+ 26. Ke3 Qa3+ 27. Kd4
Qb2+ 28. Kc5 Qb4+ 29. Kc6 Ne7+ 30. Kc7 Qc5+ 31. Kb7 Rb2+ 32. Ka8 Qc8+ 33. Ka7
Qb7# 0-1

[Event "ch-Paris op C"]
[Site "Paris (Halle Carpentier)"]
[Date "2008.07.01"]
[Round "4.33"]
[White "Dautricourt, Olivier"]
[Black "Cordier, Daniel"]
[Result "1-0"]
[WhiteElo "1199"]
[BlackElo "1460"]
[PlyCount "33"]
[EventDate "2008.06.28"]

1. e4 e5 2. Nf3 Nc6 3. Bc4 Bc5 4. O-O Nf6 5. Ng5 d5 6. exd5 Nxd5 7. Bxd5 Qxd5
8. Nc3 Qd8 9. Nce4 Bb6 10. d3 O-O 11. Qh5 Bf5 12. Kh1 Qd7 13. f4 Nd4 14. fxe5
Nxc2 15. Rb1 Nd4 16. g4 Bxg4 17. Qxh7# 1-0

[Event "ch-Paris op C"]
[Site "Paris (Halle Carpentier)"]
[Date "2008.07.01"]
[Round "4.34"]
[White "Commercon, Joachim"]
[Black "Lamure, Pierre-Louis"]
[Result "0-1"]
[WhiteElo "1450"]
[BlackElo "1290"]
[PlyCount "74"]
[EventDate "2008.06.28"]

1. e4 e5 2. Nf3 Nf6 3. Nxe5 d6 4. Nf3 Nxe4 5. Nc3 Nxc3 6. dxc3 Bg4 7. Qe2+ Qe7
8. Qxe7+ Bxe7 9. Be2 O-O 10. Be3 Re8 11. O-O-O Nd7 12. h3 Bh5 13. g4 Bg6 14.
Bd3 Bxd3 15. Rxd3 Ne5 16. Nxe5 dxe5 17. Rd7 Bd6 18. Rd1 b6 19. f3 Kf8 20. R7xd6
cxd6 21. Rxd6 Ke7 22. Rd1 Rad8 23. Rh1 Ke6 24. b3 b5 25. Kb2 a6 26. Bb6 Rd2 27.
Be3 Rg2 28. Bb6 Rb8 29. Be3 Rg3 30. Rg1 Rxh3 31. Bc1 Rc8 32. Re1 Rxf3 33. Re3
Rxe3 34. Bxe3 f5 35. gxf5+ Kxf5 36. Kc1 Rxc3 37. Kd2 Rc6 0-1

[Event "ch-Paris op C"]
[Site "Paris (Halle Carpentier)"]
[Date "2008.07.01"]
[Round "4.35"]
[White "Lefort, Sophie"]
[Black "Boudia, Rayan"]
[Result "1-0"]
[WhiteElo "1199"]
[BlackElo "1430"]
[PlyCount "73"]
[EventDate "2008.06.28"]

1. e4 d6 2. d4 g6 3. Nf3 Bg7 4. Nc3 Nf6 5. Be3 O-O 6. Bd3 Nbd7 7. Qd2 c5 8.
O-O-O a6 9. Kb1 b5 10. a3 c4 11. Be2 Bb7 12. d5 e5 13. Bh6 Ng4 14. Bxg7 Kxg7
15. Rdf1 Nc5 16. Ng5 Nf6 17. f4 exf4 18. Rxf4 Re8 19. Rhf1 Nh5 20. Rxf7+ Kg8
21. Bxh5 gxh5 22. Nh3 Rf8 23. Rxf8+ Qxf8 24. Rxf8+ Rxf8 25. Qg5+ Kh8 26. Qxh5
Rf1+ 27. Ka2 Na4 28. Nxa4 bxa4 29. Qe8+ Kg7 30. Qe7+ Rf7 31. Qxd6 Bc8 32. Ng5
Rd7 33. Ne6+ Kg6 34. Qg3+ Kf6 35. Qg5+ Kf7 36. Qg7+ Ke8 37. Qf8# 1-0

[Event "ch-Paris op C"]
[Site "Paris (Halle Carpentier)"]
[Date "2008.07.01"]
[Round "4.36"]
[White "Leconte, Nicolas"]
[Black "Dupont, Jean-Louis"]
[Result "1-0"]
[WhiteElo "1410"]
[BlackElo "1280"]
[PlyCount "119"]
[EventDate "2008.06.28"]

1. d4 e6 2. Nf3 d5 3. Bf4 Nf6 4. c3 Nc6 5. e3 Nh5 6. Bg3 Nxg3 7. hxg3 Bd6 8.
Nbd2 e5 9. c4 Bg4 10. cxd5 Nb4 11. Qb3 exd4 12. Nxd4 Rb8 13. f3 Bd7 14. Ne4 O-O
15. Nxd6 cxd6 16. Qxb4 Qe8 17. Qc3 Rc8 18. Qd3 h6 19. Be2 Qe5 20. Kf2 Qxd5 21.
b3 Rfe8 22. Rac1 Rcd8 23. Nb5 Qxd3 24. Bxd3 a6 25. Nd4 Re5 26. Rc7 Bc8 27. g4
Ra5 28. a4 Rc5 29. Rxc5 dxc5 30. Rc1 cxd4 31. exd4 Be6 32. Ke3 Bxb3 33. Bc2 Rc8
34. Bh7+ Kxh7 35. Rxc8 Bxa4 36. Rc7 b5 37. Rxf7 b4 38. Rb7 Bb5 39. Kd2 b3 40.
Kc3 Bf1 41. d5 Bxg2 42. d6 Bxf3 43. Rb4 Bc6 44. Rb6 Bb5 45. Rxb5 axb5 46. d7 b2
47. Kxb2 Kg6 48. d8=Q Kh7 49. g5 h5 50. Qd3+ Kg8 51. Qxb5 Kf7 52. Qe2 Kg6 53.
Qg2 Kf5 54. Qg3 g6 55. Kc3 Ke4 56. Kc4 Kf5 57. Kc5 Ke4 58. Kd6 Kf5 59. Ke7 Ke4
60. Kf6 1-0

[Event "ch-Paris op C"]
[Site "Paris (Halle Carpentier)"]
[Date "2008.07.01"]
[Round "4.37"]
[White "Zeitoun, Maxime"]
[Black "Vallipuram, Tarujan"]
[Result "1-0"]
[WhiteElo "1400"]
[BlackElo "1280"]
[PlyCount "73"]
[EventDate "2008.06.28"]

1. d4 d5 2. c4 dxc4 3. e4 Nf6 4. Nc3 Bg4 5. Be2 Bxe2 6. Ngxe2 e5 7. Qa4+ c6 8.
Qxc4 Bd6 9. Bg5 O-O 10. O-O Na6 11. Rad1 Qe7 12. Ng3 Qe6 13. Qd3 exd4 14. Qxd4
Bxg3 15. fxg3 Rad8 16. Qxa7 Rxd1 17. Rxd1 h6 18. Bxf6 Qxf6 19. Qxb7 c5 20. Nd5
Qd6 21. Ne7+ Qxe7 22. Qxe7 Nb4 23. Rd8 Rxd8 24. Qxd8+ Kh7 25. a3 Nc2 26. Qe7
Kg6 27. Qxc5 Ne1 28. a4 Nd3 29. Qd6+ f6 30. Qxd3 f5 31. exf5+ Kf7 32. a5 Kf6
33. a6 Kg5 34. a7 Kg4 35. a8=Q g5 36. h3+ Kh5 37. Qe8# 1-0

[Event "ch-Paris op C"]
[Site "Paris (Halle Carpentier)"]
[Date "2008.07.01"]
[Round "4.38"]
[White "Duffaud, Celia"]
[Black "Azouni, Anais"]
[Result "1-0"]
[WhiteElo "1390"]
[BlackElo "1250"]
[PlyCount "65"]
[EventDate "2008.06.28"]

1. e4 e5 2. Nf3 f5 3. Nc3 Nc6 4. Bc4 Nf6 5. d3 Nd4 6. Nxe5 Qe7 7. f4 d6 8. Nf3
Nc6 9. O-O Qd7 10. Re1 Be7 11. Be3 a6 12. a3 Ng4 13. Re2 Bf6 14. Qd2 Bd4 15.
Bxd4 Nxd4 16. Nxd4 c5 17. Nf3 Qc7 18. exf5+ Kd8 19. Be6 Bxe6 20. Rxe6 Qb6 21.
Rb1 c4+ 22. d4 Rf8 23. Qe1 Kd7 24. Re7+ Kd8 25. Qh4 Kc8 26. Qxg4 Kb8 27. Qxg7
Rxf5 28. b3 Qd8 29. Rxb7+ Kc8 30. bxc4 a5 31. R1b6 d5 32. Rc6+ Qc7 33. Qxc7#
1-0

[Event "ch-Paris op C"]
[Site "Paris (Halle Carpentier)"]
[Date "2008.07.01"]
[Round "4.39"]
[White "Clement, Charlene"]
[Black "Antoni, Marc"]
[Result "0-1"]
[WhiteElo "1130"]
[BlackElo "1370"]
[PlyCount "40"]
[EventDate "2008.06.28"]

1. e4 b6 2. d4 Bb7 3. f3 e6 4. e5 f5 5. f4 Qh4+ 6. Ke2 Ne7 7. Nf3 Ba6+ 8. Kd2
Qf2+ 9. Kc3 Nd5+ 10. Kb3 Bxf1 11. Rxf1 Qxg2 12. h4 b5 13. Rg1 Qh3 14. Qf1 Qxf1
15. Rxf1 Nc6 16. c4 Na5+ 17. Kc2 Nxc4 18. b4 Nxb4+ 19. Kd1 c5 20. Bd2 Nc6 0-1

[Event "ch-Paris op C"]
[Site "Paris (Halle Carpentier)"]
[Date "2008.07.01"]
[Round "4.40"]
[White "Combet, Pierre"]
[Black "Coadou, Alain"]
[Result "1-0"]
[WhiteElo "1370"]
[BlackElo "1210"]
[PlyCount "75"]
[EventDate "2008.06.28"]

1. c4 d6 2. Nc3 c6 3. g3 Qc7 4. Bg2 b6 5. e3 Bb7 6. e4 e6 7. Qb3 Nd7 8. Nge2 g6
9. d3 Bg7 10. Bd2 h6 11. Qc2 Ne7 12. O-O O-O 13. Bf4 e5 14. Be3 f5 15. f4 c5
16. Nb5 Qb8 17. Nec3 a6 18. Na3 Nf6 19. Nd5 Nfxd5 20. exd5 Bc8 21. Rae1 Qa7 22.
Nb1 Rb8 23. Nc3 b5 24. Kh1 b4 25. Na4 Bd7 26. Nxc5 dxc5 27. d6 Nc6 28. Bd5+ Kh7
29. Qf2 Rb6 30. Bxc5 Nd4 31. fxe5 Qb8 32. Bxd4 Bc6 33. Bxb6 Bxd5+ 34. cxd5 Qb7
35. Qc5 Rc8 36. Bc7 Bf8 37. Qc6 Qxc6 38. dxc6 1-0